Orthodontics (Record no. 22720)
[ view plain ]
| 000 -LEADER | |
|---|---|
| fixed length control field | 00416nam a22001697a 4500 |
| 003 - CONTROL NUMBER IDENTIFIER | |
| control field | SGT |
| 020 ## - INTERNATIONAL STANDARD BOOK NUMBER | |
| International Standard Book Number | 9788186809921 |
| 082 ## - DEWEY DECIMAL CLASSIFICATION NUMBER | |
| Classification number | 617.643 |
| Item number | O21B |
| 100 ## - MAIN ENTRY--PERSONAL NAME | |
| Personal name | Bhalajhi, S. I. |
| 245 ## - TITLE STATEMENT | |
| Title | Orthodontics |
| Remainder of title | The Art and Science |
| 250 ## - EDITION STATEMENT | |
| Edition statement | 7th |
| 260 ## - PUBLICATION, DISTRIBUTION, ETC. (IMPRINT) | |
| Place of publication, distribution, etc | New Delhi, India |
| Name of publisher, distributor, etc | Arya Medical Publishers Pvt. Ltd. |
| Year of Publication | 2021 |
| 300 ## - PAGE DESCRIPTION | |
| No. of Pages | 681 |
| 650 ## - SUBJECT ADDED ENTRY--TOPICAL TERM | |
| Topical term or geographic name as entry element | Orthodontics |
| 653 ## - KEYWORDS--INDEX TERM | |
| Keyword term | Orthodontics |
| 942 ## - ADDED ENTRY ELEMENTS (KOHA) | |
| Source of classification or shelving scheme | Dewey Decimal Classification |
| Koha item type | Books |
| 942 ## - ADDED ENTRY ELEMENTS (KOHA) | |
| -- | 106 |
| Withdrawn status | Lost status | Source of classification or shelving scheme | Damaged status | Not for loan | Home library | Current library | Shelving location | Date acquired | Vendor Name | Cost, normal purchase price | SGTU | Bill Number | Total Checkouts | Full call number | Accession No. (Barcode) | Date last seen | Date last borrowed | Bill Date | Koha item type | Total Renewals |
|---|---|---|---|---|---|---|---|---|---|---|---|---|---|---|---|---|---|---|---|---|
| Dewey Decimal Classification | SGT Dental Library | SGT Dental Library | Text Book | 11/05/2022 | Ahuja Book Co. Pvt. Ltd. | 1095.00 | SGTU | 14353 | 7 | 617.643 O21B | FD8678 | 17/11/2023 | 16/11/2023 | 16/04/2022 | Books | |||||
| Dewey Decimal Classification | SGT Dental Library | SGT Dental Library | Text Book | 11/05/2022 | Ahuja Book Co. Pvt. Ltd. | 1095.00 | SGTU | 14353 | 41 | 617.643 O21B | FD8679 | 20/03/2025 | 20/03/2025 | 16/04/2022 | Books | 1 | ||||
| Dewey Decimal Classification | SGT Dental Library | SGT Dental Library | Text Book | 11/05/2022 | Ahuja Book Co. Pvt. Ltd. | 1095.00 | SGTU | 14353 | 19 | 617.643 O21B | FD8680 | 30/03/2026 | 30/03/2026 | 16/04/2022 | Books | |||||
| Dewey Decimal Classification | SGT Dental Library | SGT Dental Library | Text Book | 11/05/2022 | Ahuja Book Co. Pvt. Ltd. | 1095.00 | SGTU | 14353 | 30 | 617.643 O21B | FD8681 | 24/07/2023 | 24/07/2023 | 16/04/2022 | Books | |||||
| Dewey Decimal Classification | SGT Dental Library | SGT Dental Library | Text Book | 11/05/2022 | Ahuja Book Co. Pvt. Ltd. | 1095.00 | SGTU | 14353 | 617.643 O21B | FD8682 | 11/05/2022 | 16/04/2022 | Books | |||||||
| Dewey Decimal Classification | SGT Dental Library | SGT Dental Library | Text Book | 26/08/2023 | SGTU | 15 | 617.643 O21B | FD9274 | 30/06/2025 | 30/06/2025 | 26/08/2023 | Books | ||||||||
| Dewey Decimal Classification | SGT Dental Library | SGT Dental Library | Text Book | 26/08/2023 | SGTU | 15 | 617.643 O21B | FD9275 | 20/05/2026 | 18/05/2026 | 26/08/2023 | Books |